|
|
แสดงรายละเอียดบรรณานุกรม |
|
|
Brief Record
: Get Marc (ISO 2709)
: E-mail record
: |
| LEADER 00000nama 2200000uu 4500 | |||
| 001 179610 | |||
| 003 ULIBM | |||
| 008 040531s2535 th m m a000 0 tha d | |||
| 020 974-581-972-7 | |||
| 041 tha | |||
| 050 WJ102 บ248ส 2535 | |||
| 100 บังอร ชมเดช | |||
| 245 สรีรวิทยาของระบบขับถ่ายปัสสาวะ/บังอร ชมเดช 001 | |||
| 260 กรุงเทพฯ โรงพิมพ์จุฬาลงกรณ์มหาวิทยาลัย 2535 | |||
| 300 211 หน้า | |||
| 650 ทางเดินปัสสาวะและอวัยวะสืบพันธุ์,ระบบ--สรีรวิทยาชื่อเรื่อง | |||
| 998 1998-12-14 | |||
| คุณยังไม่ได้ล็อกอิน คุณสามารถมีกิจกรรมร่วมกับเว็บไซต์ได้ แต่ต้องล็อกอินก่อน :: |
|
| สถานะ | |||||||||
| 1. | หนังสือทั่วไป | WJ102 บ248ส 2535 | On Shelf ขอยืม | ||||||
| 2. | หนังสือทั่วไป | WJ102 บ248ส 2535 | On Shelf ขอยืม | ||||||
| 3. | หนังสือทั่วไป | WJ102 บ248ส 2535 | On Shelf ขอยืม | ||||||
| 4. | หนังสือทั่วไป | WJ102 บ248ส 2535 | On Shelf ขอยืม | ||||||
| 5. | หนังสือทั่วไป | WJ102 บ248ส 2535 | On Shelf ขอยืม | ||||||
| 6. | หนังสือทั่วไป | WJ102 บ248ส 2535 | On Shelf ขอยืม | ||||||
| 7. | หนังสือทั่วไป | WJ102 บ248ส 2535 | On Shelf ขอยืม | ||||||
| 8. | หนังสือทั่วไป | WJ102 บ248ส 2535 | On Shelf ขอยืม | ||||||
| 9. | หนังสือทั่วไป | WJ102 บ248ส 2535 | On Shelf ขอยืม | ||||||
| 10. | หนังสือทั่วไป | WJ102 บ248ส 2535 | On Shelf ขอยืม | ||||||
| 11. | หนังสือทั่วไป | WJ102 บ248ส 2535 | On Shelf ขอยืม | ||||||
| [แสดง 11/11 รายการ] | |||||||||
| รายการใกล้เคียง ผู้แต่ง [บังอร ชมเดช] |
BibComment |
| คอมเมนท์ทรัพยากรรายการนี้ |
|
|